000 01427nam a22002417a 4500
001 9609
003 FISKH
005 20260126100906.0
008 260126b cb ||||| |||| 00| 0 eng d
020 _a9781398535732
040 _aFISKH
_beng
_cFISKH
_dFISKH
050 _aPZ7.1 .R5936 .P
082 _a813.00
100 _aRoberts, Lauren
245 _aPowerful:
_bA powerless story /
_cLauren Roberts
260 _aLondon :
_bSimon & Schuster,
_c2024.
300 _a244, 40 pages :
_billustrations ;
_c20 cm
490 _aA Powerless Story :
_vBook 1.
520 _aAdena and Paedyn have always been inseparable. Fate brought them together when they were young, but friendship ensured they would always protect each other and the home they built in the slums of Loot. But now Paedyn—an Ordinary—has been selected for the Purging Trials, which means almost certain death. Now alone in Loot, Adena must fend for herself. After attempting to steal, she's rescued by a mysterious man from the market. Mak's shadowy past and secretive power set him apart from the other low-level Elites of Loot. And as the pair team up to see their loved ones before the Trials, the quest tests their loyalty, their love, and their lives. This novella also includes a special extended teaser to Reckless—the exciting sequel to Powerless!.
650 _aRomantasy
_vSprayed Edges
_xFantasy
942 _2ddc
_cBK
_n0
999 _c9609
_d9609